Normal view
MARC view
Entry Personal Name
001 - CONTROL NUMBER
- control field: 32269
003 - CONTROL NUMBER IDENTIFIER
- control field: ARRUPE
005 - DATE AND TIME OF LATEST TRANSACTION
- control field: 20170607125638.0
008 - FIXED-LENGTH DATA ELEMENTS
- fixed length control field: 170607|| aca||aabn | a|a d
040 ## - CATALOGING SOURCE
- Original cataloging agency: ARRUPE
- Transcribing agency: ARRUPE
100 ## - HEADING--PERSONAL NAME
- Personal name: Ejiofor, Lambert U.
670 ## - SOURCE DATA FOUND
- Source citation: Work cat.: (ARRUPE)25592: Ejiofor, Lambert U., Dynamics of Igbo democracy :, 1981.